000 00863cam a2200289 a 4500
001 121504
005 20230410132554.0
008 960516s1995 mx a 000 0 spa
010 _a96149219
020 _a9687415150
040 _aDLC
_cDLC
041 _aspa
050 1 4 _aPQ7298.17
_b.G158 1995
082 0 0 _a862.2 20
100 1 _aGalindo, Hernán,
_d1960-
245 1 0 _aGenesio :
_bobra fársica en quince cuadros /
_cHernán Galindo.
260 _aMonterrey, Nuevo León, México :
_bEdiciones Castillo,
_c1995.
300 _a115 p. :
_bill. ;
_c21 cm.
490 1 _aColección Más allá ;
_v8
600 0 0 _aGenesius,
_cof Arles, Saint,
_d-approximately 303
_xDrama.
650 4 _aCRV
650 4 _aColección René Villarreal.
830 0 _aColección Más allâa (Monterrey, Mexico) ;
_v8.
922 _aap
942 _2lcc
_cbk
946 _almd
999 _c83908
_d83908